The historiography of Islamic Egypt, c.950-1800 /
Other Authors:
Format: Book
Language: English
Published:
Leiden ; Boston :
Brill,
2001.
Series:
Medieval Mediterranean ;
31.
Subjects:
Tags: Add Tag
Call Number: DT95 .H57 2001
| LEADER | 02730namaa2200301 4500 | ||
|---|---|---|---|
| 001 | 13961 | ||
| 003 | OSt | ||
| 005 | 20250505065325.0 | ||
| 008 | 130303s2001 ne b 001 0 eng d | ||
| 010 | |a 00051931 | ||
| 020 | |a 9004117946 | ||
| 040 | |c ARCE Library | ||
| 043 | |a f-ua--- | ||
| 050 | 4 | |a DT95 .H57 2001 | |
| 245 | 0 | 4 | |a The historiography of Islamic Egypt, c.950-1800 / |c edited by Hugh Kennedy. |
| 264 | 1 | |a Leiden ; |a Boston : |b Brill, |c 2001. | |
| 300 | |a vi, 269 pages ; |c 25 cm. | ||
| 490 | 1 | |a Medieval Mediterranean ; |v 31. | |
| 500 | |a "The papers collected in this volume were given at a conference on 'The Historiography of Islamic Egypt' held in the University of St. Andrews, 28-31 August, 1997" --page [vii] | ||
| 504 | |a Includes bibliographical references and index. | ||
| 505 | 0 | |a Lingua Franca in the Mediterranean : John Wansborough and the historiography of mediaeval Egypt / Michael Brett -- Egypt and Aleppo in Ibn al-ʻAdīm's Bughyat al-ṭalab fī taʼrikh Ḥalab / David Morray -- Al-Nuwayrī as a historian of the Mongols / Reuven Amitai -- Baybars al-Manṣūrī's Zubdat al-fikra / Donald Richards -- ʻAlī-al-Baghdādī and the joy of Mamluk sex / Robert Irwin -- Representing the Mamluks in Mamluk historical writing / Nasser Rabbat -- L'évolution de la composition du genre de Khiṭaṭ en Egypte musulmane / Ayman Fuʻad Sayyid -- Al-Maqrīzī's account of the transition from Turkish to Circassian Mamluk sultanate : history in the service of faith / Amalia Levanoni -- Al-Maqrīzī and Ibn Taghrī Birdī as historians of contemporary events / Irmeli Perho -- Al-Biqāʼī̄'s Chronicle : a fifteenth century learned man's reflection on his time and world / Li Guo -- Al-Maqrīzī, the master, and Abū Ḥāmid al-Qudsī, the disciple--whose historical writing can claim more topicality and modernity? / Ulrich Haarmann -- Disruptive "others" as depicted in the chronicles of the late Mamlūk period / Carl F. Petry -- Attitudes toward the Ottomans in Egyptian historiography during Ottoman rule / Michael Winter -- The Egyptian-Yemeni symbiosis as reflected (or unreflected) in Ottoman-era chronicles / Jane Hathaway -- Al-Jabartī's ʻAjāʼib al-athār fi al-tarājim waʼl-akhbār and the Arabic histories of Ottoman Egypt in the eighteenth century / Daniel Crecelius -- The chronicles of Ottoman Egypt : history or entertainment / Nelly Hanna -- Egyptian history in the modern Egyptian novel / Paul Starkey. | |
| 650 | 0 | |a Historiography |z Egypt |v Congresses. | |
| 651 | 0 | |a Egypt |x History |y 640-1882 |x Historiography |v Congresses. | |
| 700 | 1 | |a Kennedy, Hugh. |q (Hugh N.), | |
| 830 | 0 | |a Medieval Mediterranean ; |v 31. | |
| 901 | |a reviewed | ||
| 942 | |2 lcc |c BK | ||
| 999 | |c 13463 |d 13463 | ||
